| 000 | 00609nam a2200193Ia 4500 | ||
|---|---|---|---|
| 003 | GCL | ||
| 008 | 140319s9999 xx 000 0 ara d | ||
| 040 |
_aGCL / _cGCL |
||
| 082 | 0 | 4 |
_a907.2 _bم ج |
| 100 | 1 | _aمحمد عزيز نظمى سالم | |
| 245 | 1 | 0 |
_aجدلية التاريخ والحضارة / _cمحمد عزيز نظمى سالم |
| 490 | _a | ||
| 650 | 0 | 4 | _aالفرق الاسلامية |
| 650 | 0 | 4 | _aالفلسفة الحديثة |
| 650 | 0 | 4 | _aالحضارة الفرعونية |
| 650 | 0 | 4 | _aالحضارة الاسلامية |
| 650 | 0 | 4 | _aالتاريخ - فلسفة |
| 942 |
_2ddc _cBK |
||
| 999 |
_c41491 _d41491 |
||